| 000 | 00339nam a22001457a 4500 | ||
|---|---|---|---|
| 005 | 20160914171713.0 | ||
| 008 | 160914b xxu||||| |||| 00| 0 eng d | ||
| 041 | _aeng | ||
| 100 |
_aSze,S.M &Kwok, K NG _93539 |
||
| 245 | _aPhysics of Semiconductor | ||
| 260 |
_bWiley _c2045 |
||
| 300 | _a788 | ||
| 650 |
_aEngineering _93540 |
||
| 942 | _cBK | ||
| 999 |
_c5234 _d5232 |
||